[Event "Hannover Ihme Cup"]
[Site "Hannover"]
[Date "2016.05.22"]
[Round "4"]
[White "Collmann, Tom"]
[Black "Mumm, Karen"]
[Result "1-0"]
[WhiteElo "1400"]
[BlackElo "1626"]
[PlyCount "81"]
[EventDate "2016.05.20"]
[EventType "swiss"]
[EventRounds "5"]
[EventCountry "GER"]
[SourceTitle "CBM 189 Extra"]
[Source "ChessBase"]
[SourceDate "2019.06.03"]
[SourceVersion "1"]
[SourceVersionDate "2019.06.03"]
[SourceQuality "1"]

1. d4 Nf6 2. c4 g6 3. Nc3 Bg7 4. e4 d6 5. f3 0-0 6. Nge2 c5 7. Bg5 cxd4 8. Nxd4 Bd7 9. Be2 Qb6 10. Nb3 Ba4 11. Nxa4 Qb4+ 12. Nc3 Nfd7 13. Bd2 Qb6 14. Nd5 Qd8 15. Bg5 Nf6 16. Nxf6+ exf6 17. Be3 Nc6 18. 0-0 Qc7 19. Nd4 a6 20. Nxc6 bxc6 21. Qc2 Rfe8 22. Bf2 c5 23. Rad1 Re6 24. Rfe1 Rae8 25. Bg3 h5 26. Rd2 Bh6 27. Rd5 Be3+ 28. Bf2 Bf4 29. g3 Bh6 30. Bf1 f5 31. Bh3 R6e7 32. Kf1 f4 33. Red1 Rd8 34. g4 Qd7 35. Kg2 Qc7 36. gxh5 gxh5 37. Bh4 f5 38. Bxe7 Qxe7 39. Rxf5 Qg7+ 40. Kh1 Kh8 41. Qc3 1-0